A Very applied first course in partial differential equations / (Record no. 2550)
[ view plain ]
| 000 -LEADER | |
|---|---|
| fixed length control field | 00732nam a22002172 4500 |
| 001 - CONTROL NUMBER | |
| control field | 0000004230 |
| 005 - DATE AND TIME OF LATEST TRANSACTION | |
| control field | 20151217145759.0 |
| 008 - FIXED-LENGTH DATA ELEMENTS--GENERAL INFORMATION | |
| fixed length control field | 070521s xx 000 0 eng d |
| 020 ## - INTERNATIONAL STANDARD BOOK NUMBER | |
| International Standard Book Number | 0130304174 : |
| 040 ## - CATALOGING SOURCE | |
| Original cataloging agency | KABU |
| Transcribing agency | KABU |
| 050 #0 - LIBRARY OF CONGRESS CALL NUMBER | |
| Classification number | QA377 |
| Item number | .K43 |
| 100 1# - MAIN ENTRY--PERSONAL NAME | |
| Personal name | Keane, Michael K. |
| -- | 0000154687 |
| 245 12 - TITLE STATEMENT | |
| Title | A Very applied first course in partial differential equations / |
| Statement of responsibility, etc. | Michael K. Keane. |
| 260 ## - PUBLICATION, DISTRIBUTION, ETC. (IMPRINT) | |
| Place of publication, distribution, etc. | Upper Saddle River, NJ : |
| Name of publisher, distributor, etc. | Prentice Hall, |
| Date of publication, distribution, etc. | c2002. |
| 300 ## - PHYSICAL DESCRIPTION | |
| Extent | xix, 507 p. : |
| Other physical details | ill. ; |
| Dimensions | 24 cm. |
| 504 ## - BIBLIOGRAPHY, ETC. NOTE | |
| Bibliography, etc | Includes bibliographical references (p. 501-503) and index. |
| 650 #0 - SUBJECT ADDED ENTRY--TOPICAL TERM | |
| Topical term or geographic name as entry element | Differential equations, Partial. |
| -- | 0000154660 |
| 908 ## - PUT COMMAND PARAMETER (RLIN) | |
| Put command parameter | 070521 |
| 950 ## - LOCAL HOLDINGS (RLIN) | |
| -- | 1 |
| Withdrawn status | Lost status | Source of classification or shelving scheme | Not for loan | Home library | Current library | Date acquired | Total Checkouts | Full call number | Barcode | Date last seen | Date last checked out | Price effective from | Koha item type |
|---|---|---|---|---|---|---|---|---|---|---|---|---|---|
| Library of Congress Classification | Kabarak, Main Campus | Kabarak, Main Campus | 17/12/2015 | 2 | QA377 .K43 | 008691 | 09/11/2021 | 14/10/2021 | 17/12/2015 | General Collection |